| 000 | 00444nam a2200145Ia 4500 | ||
|---|---|---|---|
| 008 | 220216s9999 xx 000 0 und d | ||
| 100 | _aSong Yin | ||
| 245 | 0 | _aSmallholder rubber research in Cambodia | |
| 260 | _bIRRDB Symposium: Challenges for Natural Rubber in Globalization, 15-17 September 2003, Ching Mai, Thailand | ||
| 650 | _aCambodia | ||
| 650 | _aSmallholder rubber | ||
| 700 | _aChan Chhek | ||
| 700 | _aLeconte A | ||
| 942 | _cJS | ||
| 999 |
_c68771 _d68771 |
||